01872nam a22005057a 4500003000400000005001700004008004100021040002200062082001400084100003600098245004800134260005300182300001900235366000800254366000800262490002400270505005500294505004800349505004500397505004700442505003900489505003800528505003600566505001900602505004100621505003100662505003500693505003300728505003900761505002100800505002300821505002600844505003200870505002900902505002500931650004100956650005000997650004401047650004801091650004301139650004401182650004801226650004701274650004501321OSt20230420092526.0221006b |||||||| |||| 00| 0 eng d cBiblioteca Lado V a700bZ39a aZaya, Antonioeeditoredirector aAtalantica/bRevista de Arte y Pensamiento/ bCentro Atlantico de Arte Modernoc2004aEspaña c24x30cma144p. efre eeng v2004x1132-8428a38 tA Partir de cosas comunes. Rutas Emergentes, Chile tTeresa Matas: Confidencias Mediterráneas  tUn proyecto de: Alejandro reino Brehcist tRealizer: Un Proyecto de Massimo Bartolini tPintura: Sobreviviendo la demencia tUn proyecto de Fernando Magalhaes tUn proyecto de Esteve Casanoves tFernando Alamo tUn portafolio de: Mireille Mercanton tUn Proyecto de: Luis Vidal tUn proyecto de: Deborah Nofret tUn Portafolio de Stuart Rome tUn Proyecto de Alexander Apóstol tDossier Graffiti tUn Proyecto de YKK tUn Proyecto de Case 2 tUn Proyecto de COCO & MOSCO tUn Proyecto de Tracy 168 tUn Proyecto de Noxer 2Tesauro de Arte & ArquitecturaaARTE 2Tesauro de Arte & ArquitecturaaEXPOSICIONES  2Tesauro de Arte & ArquitecturaaCULTURA 2Tesauro de Arte & ArquitecturaaAPRECIACION 2Tesauro de Arte & ArquitecturaaTEORIA 2Tesauro de Arte & ArquitecturaaCRITICA 2Tesauro de Arte & ArquitecturaaFOTOGRAFIA  2Tesauro de Arte & ArquitecturaaLITERATURA 2Tesauro de Arte & ArquitecturaaESPAÑA